00548aas a2200145 4500001001000000003001000010005001700020008004100037040004100078041000800119100002900127245008700156300006300243773009600306768714001CO-MdFUSB20170923095102.0170906s1992 cr ||||| |||| 00| 0 spa d aCO-MdFUSBbspacCO-MdFUSBdCO-MdFUSB aspa1 aSimpson, Charleseautor 10aUna manzana para su enemigo : b¿qué quiere cosechar usted?c/ Simpson, Charles aVolumen 2. Número 11 (1992), páginas 162-164c: 28 cm.0 tConquista Cristiana049446gVolumen 2. Número 11 (1992), páginas 162-164qPágina 162.